Warriors - Into the Wild Allegiances - Statistics

General Stats
  • This quiz has been taken 65 times
  • The average score is 29 of 44
Answer Stats
Hint Cat % Correct
Leader Bluestar
100%
Apprentice Graypaw
98%
Medicine Cat Spottedleaf
98%
Apprentice Firepaw
96%
Apprentice Ravenpaw
96%
Deputy Redtail
96%
Apprentice Sandpaw
96%
Leader Crookedstar
91%
Apprentice Dustpaw
91%
Warrior Tigerclaw
91%
Warrior Lionheart
89%
Leader Brokenstar
85%
Warrior Whitestorm
85%
Warrior Longtail
83%
Leader Tallstar
83%
Queen Frostfur
81%
Warrior Darkstripe
77%
Warrior Mousefur
77%
Elder One-Eye
77%
Kittypet Smudge
72%
Medicine Cat Runningnose
70%
Queen Goldenflower
68%
Deputy Oakheart
68%
Formerly of ShadowClan Yellowfang
68%
Queen Brindleface
66%
Warrior Runningwind
66%
Deputy Blackfoot
64%
Loner Barley
62%
Elder Dappletail
60%
Elder Halftail
57%
Warrior Clawface
55%
Warrior Willowpelt
55%
Elder Patchpelt
53%
Elder Smallear
51%
Queen Speckletail
51%
Warrior Nightpelt
45%
Apprentice Littlepaw
43%
Warrior Boulder
28%
Apprentice Brownpaw
28%
Warrior Stumpytail
28%
Elder Ashfur
26%
Apprentice Wetpaw
23%
Queen Brightflower
17%
Queen Dawncloud
15%
No matching quizzes found
Score Distribution
Percent of People with Each Score
Percentile by Number Answered
Your Score History
You have not taken this quiz